New Headway English Course Pre-Intermediate. Student' s Book

Guardado en:
Detalles Bibliográficos
Autores principales: Soars, John, Soars, Liz (Autor)
Formato: Libro
Lenguaje:inglés
Publicado: Oxford Oxford University Press 2004
Edición:13. vyd.
Materias:
Acceso en línea:Ver en el OPAC
Etiquetas: Agregar Etiqueta
Sin Etiquetas, Sea el primero en etiquetar este registro!

MARC

LEADER 00000nam a2200000 a 4500
005 20260127134336.0
008 050201 2004 enk 000 0 eng d
020 |a 0194366707 
035 |a vtls001491530 
039 9 |a 200602080848  |b msavuk01  |c 200502101145  |d mschk04  |c 200502011206  |d mschk04  |y 200502010937  |z mschk03 
040 |a STUSCHK1  |b slo  |c STUSCHK1  |e AACR2 
080 |a 802.0 
100 1 |a Soars, John 
245 1 |a New Headway English Course  |b Pre-Intermediate. Student' s Book 
250 |a 13. vyd. 
260 |a Oxford  |b Oxford University Press  |c 2004 
300 |a 144 s. 
500 |a Obr.,tab. 
650 0 7 |a angličtina  |2 SNKPH 
655 7 |a učebnice  |2 SNKPH 
700 1 |a Soars, Liz  |4 aut. 
910 |a SCHK95 
910 |a savuk 
919 |a 0-19-436670-7 
999 |c 10312  |d 10312